[Event "T0263"]
[Site "www.desc-online.de"]
[Date "2014.02.21"]
[Round "?"]
[White "JUNG, Gerald"]
[Black "SCHMIDT, Roland"]
[Result "1-0"]
[WhiteElo "2069"]
[BlackElo "1663"]
[Annotator "Gerald Jung"]
[PlyCount "96"]
[EventDate "2014.02.21"]
[EventType "corr"]

1. e4 e5 2. Nf3 Nc6 3. Nc3 Nf6 4. Nxe5 Nxe5 5. d4 Ng6 6. e5 Ng8 7. Bc4 c6 8.
Qf3 (8. Qe2 {Komodo32 Version 4-c2:1)} Qb6 ({Komodo32 Version 4-c2:2)} 8... b5
9. Bb3 Qb6 10. Qf3 f6 11. Be3 Ba6 12. O-O b4 13. Ne2 Qc7 14. e6 dxe6 15. Bxe6
Qd6 16. Bb3 N8e7 17. Rae1 Nd5 18. Qf5 Be7 {[%eval -76,16]}) ({Komodo32 Version
4-c2:3)} 8... N8e7 9. Ne4 Nd5 10. O-O Be7 11. Nd6+ Kf8 12. Qf3 Bxd6 13. exd6
Nf6 14. Re1 b5 15. Bd3 Kg8 16. a4 b4 17. Bd2 Qb6 18. c3 bxc3 19. bxc3 {[%eval
-35,16]}) 9. Qe4 Bb4 10. a3 (10. h4 N8e7 11. h5 Nf8 12. h6 g6 13. Bg5 Ne6 14.
Bf6 O-O $3 $17) 10... Bxc3+ 11. bxc3 N8e7 12. h4 h5 13. a4 Qa5 14. Bd2 O-O $19)
8... f6 9. O-O Qe7 {Critter 1.6a 32-bit: 1)} 10. Re1 ({Critter 1.6a 32-bit: 2)
} 10. Ne4 fxe5 11. Bg5 Nf6 12. Rae1 d5 13. dxe5 dxe4 14. exf6 exf3 15. fxe7
Nxe7 16. Rxe7+ Bxe7 17. Re1 h6 18. Bxe7 Kd7 19. gxf3 Kc7 20. Bd3 Bd7 21. Kg2 b6
22. f4 c5 23. f3 a6 24. Be4 Bc6 25. Rd1 Rhe8 26. Bd6+ Kb7 27. Be5 Red8 {
[%eval -37,21]}) ({Critter 1.6a 32-bit: 3)} 10. Bb3 fxe5 11. dxe5 Nh6 12. Re1
Kd8 13. Bd2 Kc7 14. Rad1 Kb8 15. Na4 Qd8 16. e6 d6 17. Bc3 d5 18. Bd4 Qh4 19.
g3 Qg4 20. Qxg4 Nxg4 21. f3 Nf6 22. Nc5 {[%eval -55,21]}) 10... fxe5 {Komodo32
Version 4-c2:1)} (10... d6 11. e6 $5 d5 12. Bd3 (12. Nxd5 $5) 12... Qd6 13. Qg4
N8e7 14. h4 f5 15. Qh3 Nf4 16. Qg3 $15) 11. dxe5 ({Komodo32 Version 4-c2:2)} 
11. Bd3 d6 12. Ne4 d5 13. Ng5 Qf6 14. Bxg6+ hxg6 15. Rxe5+ Be7 16. Bf4 Bf5 17.
Rae1 O-O-O 18. Ne6 Rd7 19. Bg5 Qf7 20. Bxe7 Rxe7 21. Ng5 Qf6 22. Qe3 Rxe5 23.
dxe5 Qe7 24. c3 b6 25. e6 Nf6 26. f3 Kb7 27. Qe5 Re8 28. Qd4 {[%eval -115,0]})
({Komodo32 Version 4-c2:3)} 11. d5 Nf6 12. Bg5 Qb4 13. b3 Be7 $17 14. Bxf6 gxf6
15. a3 Qa5 16. Red1 Qc7 17. g3 Rf8 18. Qh5 b5 19. Qxh7 bxc4 20. Qxg6+ Kd8 21.
bxc4 Ba6 22. d6 Bxd6 23. Ne4 Be7 24. c5 Be2 $19) 11... d5 12. Nxd5 $1 (12. Bxd5
$5 cxd5 $8 (12... Qc7 $2 13. Bb3 $1 $16) 13. Nxd5 $8 Qc5 {Komodo32 Version
4-c2:1)} (13... Qd8 14. Bg5 Qxg5 15. Nc7+ Ke7 16. Nxa8 Qf5 17. Qa3+ Kf7 18.
Qb3+ Be6 19. Qxb7+ N8e7 20. Nc7 Nf4 $15 21. Nxe6 (21. Qf3 $5) 21... Nxe6 22. c4
) 14. e6 $8 ({Komodo32 Version 4-c2:2)} 14. b4 $6 Qc4 $19 15. e6 Nf6 16. Nxf6+
gxf6 17. Qxf6 Qc7 18. e7 Bxe7 19. Qg7 Rf8 20. Bg5 Bf5 21. Re3 Rd8 22. g4 Bxg4
23. Bxe7 Nxe7 24. Rae1 Rd7 25. Qxg4 Qxc2 26. Qh4 Qg6+ 27. Kh1 Qf6 28. Qxh7 Kd8
29. Rd3 Nd5 30. Qe4 Qf4 31. Qxf4 Nxf4 32. Rxd7+ Kxd7 33. b5 Rf5 {[%eval -145,
23]}) 14... Nf6 $8 (14... Be7 $2 15. Be3 $18) 15. Nxf6+ $8 gxf6 16. Qxf6 Qc7 $8
17. Bg5 Bg7 18. Qf5 Rf8 19. Qd5 Bf6 20. Rad1 Bxg5 21. Qxg5 a6 22. Re4 $5 (22.
e7 $5 Nxe7 $8 23. Re5 Ra7 $5 24. Rde1 (24. Rd3 $5 b5 $5 25. Qh5+ Rf7 26. Rf3
Qc4 27. b3 Bg4 28. Qg5 Qd4 29. Qg8+ Kd7 30. Rd3 $5 Qxd3 $5 31. Qxg4+ Qf5 $13
32. Rxf5 Nxf5 $13) 24... b5 25. Rxe7+ Qxe7 26. Rxe7+ Rxe7 27. f3 Bf5 28. a4 $5
$15)) 12... cxd5 13. Qxd5 $8 (13. Bxd5 $6 Qc7 $5 $15 {Komodo32 Version 4-c2:1)}
14. Bb3 ({Komodo32 Version 4-c2:2)} 14. Re4 Bc5 15. Rc4 Nxe5 16. Qh5+ Kd8 17.
Bf4 Nf6 18. Bxe5 Nxh5 19. Bxc7+ Kxc7 20. Rxc5+ Kb6 21. Rc3 Nf6 22. Rb3+ Kc7 23.
Bf3 Re8 24. Rd1 a5 25. g3 Ra6 26. Rb5 Rb6 27. Rc5+ Kb8 28. b3 Ra6 29. Rg5 {
[%eval -70,19]}) 14... a5 15. e6 Ra6 $17 (15... Nf6 16. Ba4+ Ke7 (16... Kd8 $5
$15) 17. Qa3+ Qd6 18. Qc3 h6 $15 (18... b5 $5 $17))) 13... a6 $6 (13... Qc7 14.
Bg5 $5 Bc5 $5 {Komodo32 Version 4-c2:1)} 15. b4 $5 ({Komodo32 Version 4-c2:2)} 
15. Rad1 Bg4 16. Rd3 h6 17. Bb5+ Kf8 18. Bd8 Rxd8 19. Qxd8+ Qxd8 20. Rxd8+ Kf7
21. Be8+ Ke7 22. Rb8 Nf4 23. Bb5 Kf7 24. Be8+ Ke7 {[%eval -5,20]}) 15... h6 $8
(15... Bb6 $2 16. e6 $18) 16. Bd8 $13) 14. Bg5 $1 Qc7 $8 {Komodo32 Version
4-c2:1)} (14... Qxg5 $2 15. Qf7+ Kd8 16. Rad1+ $32) 15. Bb3 $14 ({Komodo32
Version 4-c2:2)} 15. Rad1 Bf5 16. Bb3 Rb8 17. Qf3 N8e7 18. g4 Qc6 19. Qxc6+
bxc6 20. gxf5 Nxf5 21. Be6 Nfe7 22. Bd7+ Kf7 23. Rd3 h6 24. Bc1 Rb5 25. f4 Rc5
26. c3 Rd5 27. Rxd5 Nxd5 28. f5 Bc5+ 29. Kf1 Nh4 30. Re4 Nf3 31. Kg2 {[%eval
33,20]}) 15... h6 {Komodo32 Version 4-c2:1)} (15... Bb4 16. Red1 (16. Re4 $5)
16... Bf5 17. Rd4 Bc5 18. Rc4 N8e7 19. Qxc5 Qxc5 20. Rxc5 h6 21. Be3 Nc6 22.
Re1 O-O-O 23. h3 $5 $14) 16. Be3 $16 ({Komodo32 Version 4-c2:2)} 16. Bd2 a5 17.
Rad1 Bc5 18. Bc3 Bf5 19. g4 a4 20. Bc4 Bxc2 21. Rd2 Rd8 22. Qe6+ Qe7 23. Bb5+
Kf8 24. Qxe7+ Kxe7 25. Rxc2 Nh4 26. Rec1 a3 27. bxa3 b6 28. Be2 Ng6 29. Re1 Nf4
30. Bb5 Nd3 31. Bxd3 Rxd3 32. Kg2 Ke6 33. a4 {[%eval 20,22]}) 16... Bf5 $2 (
16... Bb4 17. Qe4 (17. c3 Ba5) 17... N8e7 18. Qxb4 a5 19. Qd6 $16 Qc6 20. Rad1
Bd7 21. Bc5 (21. Bb6 $5) 21... a4 22. Bc4 Rc8 23. b4 $5 {Komodo32 Version 4-c2:
1)} (23. Bd3 Be6 (23... Qxc5 $2 24. Bxg6+ $40) (23... Bf5 24. Qxc6+ Rxc6 25.
Bb5 $16 Kf7 26. Bxc6 Nxc6 {Komodo32 Version 4-c2:} 27. Rd5 Be6 28. Rd2 Rc8 (
28... Ncxe5 29. b3 $16) 29. b3 Ncxe5 30. Bd6 Nc6 31. h3 Rd8 32. c4 Nh4 33. Red1
g5 (33... Bxh3 $2 34. Bg3 $18) (33... Nf5 34. g4 Nxd6 35. Rxd6 Rxd6 36. Rxd6 h5
37. f3 hxg4 38. hxg4 Kf6 39. Kf2 g5 40. Kg3 $16) 34. Kh2 $16) 24. Qxc6+ bxc6
25. g3 Nf8 26. Bd6 Bg4 27. Ra1 Ne6 28. Re4 Bf5 29. Rxa4 Bxd3 30. cxd3 Nf5 31.
Kg2 Nfd4 {[%eval 97,22]}) 23... axb3 $8 ({Komodo32 Version 4-c2:2)} 23... h5
24. Qd3 Bf5 25. Qf1 Qc7 26. Bb5+ Kf8 27. e6 Rd8 28. Rxd8+ Qxd8 29. Bxa4 Kg8 30.
Bb3 Qc8 31. Qb5 Kh7 32. Qe2 Qc7 33. Bxe7 Nxe7 34. Qxh5+ Kg8 35. Qf7+ Kh7 36.
Rd1 Bg6 37. Qf3 Kg8 38. Qg3 Qxg3 39. Rd8+ Kh7 40. Rxh8+ Kxh8 41. hxg3 {[%eval
209,20]}) 24. axb3 Qxd6 25. Bxd6 Bc6 (25... Nh4 26. f3 Bh3 27. Bb5+ Nc6 28.
gxh3 Nxf3+ 29. Kg2 Nxe1+ 30. Rxe1 $16) 26. g3 Nf8 (26... h5 $5) 27. e6 h5 28.
Bb4 $5 {Komodo32 Version 4-c2:1)} (28. Ra1 h4 29. Ra7 (29. Ra5 $5) 29... hxg3
30. fxg3 $14) 28... b5 $5 ({Komodo32 Version 4-c2:2)} 28... h4 29. Rd4 b5 30.
Be2 Rh7 31. Bg4 Nfg6 32. Rd6 hxg3 33. fxg3 Rh8 34. Ba5 Kf8 35. c4 bxc4 36. bxc4
Kg8 37. Bb4 Rb8 38. Bc3 Nf8 39. Rf1 Rh6 40. Rf7 Rb1+ 41. Rd1 {[%eval 101,0]})
29. Bf1 $5 h4 30. Bc3 $16) (16... Rb8 $2 17. Bb6 $1 $18 Qxb6 18. Qf7+ Kd8 19.
Rad1+ $40) 17. e6 $1 $18 N8e7 (17... Bd6 18. Ba4+ Kd8 19. Qxf5 N8e7 20. Qe4
Bxh2+ 21. Kh1 Kc8 22. Bd7+ Kb8 23. g3 Bxg3 24. fxg3 Qxg3 25. Bg1 Qh4+ 26. Bh2+
Ka7 27. Qe3+ b6 28. Rad1 $18) 18. Ba4+ $1 {Komodo32 Version 4-c2:1)} b5 ({
Komodo32 Version 4-c2:2)} 18... Nc6 19. Qxf5 Nge5 20. Bd4 g6 21. Bxc6+ bxc6 22.
Qf4 Bd6 23. Bxe5 Bxe5 24. Rxe5 Rd8 25. Qf6 Rg8 26. Rae1 Qe7 27. Qf4 h5 28. Ra5
Rf8 29. Qe4 Rf6 30. Rg5 Qa7 31. Qxc6+ Kf8 32. Rc5 Kg7 33. Qc7+ Qxc7 34. Rxc7+
Kh6 35. Rd7 Rc8 {[%eval 461,21]}) ({Komodo32 Version 4-c2:3)} 18... Qc6 19.
Bxc6+ bxc6 20. Qd7# {[%eval 32764,5]}) ({Komodo32 Version 4-c2:4)} 18... Qd7
19. Qxd7# {[%eval 32766,5]}) 19. Qxa8+ Qc8 (19... Nc8 20. Qxa6 bxa4 21. Qb5+
Kd8 22. Qxf5 $32) 20. Qxc8+ Nxc8 21. Bb3 $18 Be7 {Komodo32 Version 4-c2:1)} 22.
a4 ({Komodo32 Version 4-c2:2)} 22. Bd4 O-O 23. a4 Nd6 24. Bc5 Nc4 25. Bxe7 Nxe7
26. axb5 axb5 27. Ra7 Re8 28. Rb7 Nd2 29. Rxb5 Nxb3 30. cxb3 g6 31. f3 g5 32.
Kf2 Kg7 33. g4 Bd3 34. Rb7 Kf6 35. b4 $18) ({Komodo32 Version 4-c2:3)} 22. h3
Bf6 23. c3 Be7 24. Rad1 O-O 25. Rd7 Re8 26. g4 Be4 27. Bxh6 Bc6 28. Be3 Nh4 29.
Red1 Bf3 30. R1d4 Bc6 31. Bd5 Nf3+ 32. Bxf3 Bxf3 33. Rd3 Be2 34. Rd2 $18) 22...
O-O 23. axb5 axb5 24. Rad1 Kh7 (24... Ne5 25. Rd5 Nc4 26. Rxb5 Nxe3 (26... Bxe6
27. Bc5 $18) 27. Rxe3 $18) 25. f3 Nd6 (25... Rf6 26. Bd4) (25... Ne5 26. Rd5
Nc4 27. Rxb5 Nxe3 (27... Bxe6 28. Bc5 Bxc5+ 29. Rxc5) 28. Rxe3 Bg6 29. Kf1 $18)
26. Bc5 Nc4 27. Bxe7 Nxe7 28. Rd7 Nc8 {Komodo32 Version 4-c2:1)} 29. Rf7 ({
Komodo32 Version 4-c2:2)} 29. Rd5 N4d6 30. g4 Bg6 31. Kg2 Rf6 32. h4 h5 33. Rd4
Rf8 34. c3 Re8 35. Kg3 Kh6 36. Re5 Re7 37. Kf4 $18) 29... Kg8 30. Rc7 (30. Bxc4
bxc4 31. Rc7 Re8 32. Rxc4) 30... N8d6 (30... Re8 31. Bxc4 bxc4 32. Rxc4 $18) (
30... Bg6 31. Re5 $1 Nxe5 $6 32. e7+ Nf7 33. exf8=Q+ Kxf8 34. Rxc8+ Ke7 35.
Rc7+ Kf8 36. Rxf7+ Bxf7 37. Bxf7 Kxf7 38. Kf2 $18) 31. e7 Re8 32. g4 (32. Rd1
$18 Nc8 33. Rd5 Be6 34. Rxb5 N8d6 35. Bxc4 Nxc4 (35... Bxc4 36. Rb6 Nc8 37. Rb8
Be6 38. b4 $18) 36. Kf2 Kf7 37. Rb4 Rxe7 38. Rbxc4 Bxc4 39. Rxc4 $18) 32... Bg6
33. Rd1 Bf7 (33... Nc8 34. Rxc8 $1) (33... Nf7 34. Rd5 $18) 34. Bxc4 Nxc4 35.
Rd8 $18 Kh7 (35... Nxb2 36. Rcc8 $18) 36. Rxe8 Bxe8 37. Rc8 Bf7 38. e8=Q Bxe8
39. Rxe8 Nxb2 40. Rb8 $18 Nc4 41. Rxb5 Ne3 42. Rc5 Nd1 43. c4 {Houdini 1.5a
w32:1)} (43. Rc8 Kg6 44. Rf8 Ne3 45. c3 h5 46. Re8 Nc4 47. Kf2 hxg4 48. fxg4
Kf6 49. h4 $18) 43... Ne3 ({Houdini 1.5a w32:2)} 43... Kg6 44. Rc7 Nc3 45. c5
Nb5 46. Rb7 Nd4 47. c6 Nxc6 48. Rb6 Kf7 49. Rxc6 Kf8 50. Kf2 Ke8 51. f4 Kf8 52.
Rc8+ Ke7 53. Rc7+ Kf6 54. Ke3 g6 55. Rh7 Ke6 56. Rxh6 Kf7 57. g5 Kg7 58. Ke4
Kf7 59. f5 gxf5+ 60. Kxf5 Kg7 61. h4 Kf8 62. h5 Kg7 63. Rc6 Kh8 64. g6 {
[%eval 1028,26]}) (43... Nc3 44. Rc7 Ne2+ 45. Kf2 Nc1 46. c5 Nd3+ 47. Ke3 Nb2
48. Kd4 $18) 44. Kf2 {Critter 1.6a 32-bit: 1) Critter 1.6a 32-bit: 2)} Nc2 (
44... Nd1+ 45. Ke2 Nb2 46. Rc7 Kg6 47. c5 Kf6 48. c6 Nc4 49. Rd7 Nb6 50. c7 Ke6
51. Rd8 Ke7 52. c8=Q $18 (52. Rb8 Kd7 53. Rxb6 Kxc7 54. Rg6 $18) 52... Nxc8 53.
Rxc8 $18) 45. Rd5 Nb4 46. Rd6 Na2 (46... Kg8 47. c5 Kf7 48. c6 Na6 (48... Ke7
49. c7 $18) 49. c7 $1 $18 (49. Rd7+ Ke6 50. Rxg7 Kd6 51. Rg6+ Kc7 52. Rxh6 $18)
49... Nxc7 50. Rd7+ Kf6 51. Rxc7 $18) 47. c5 Nb4 48. c6 Na6 {Zugleich mit
diesem Zug von Roland am 1.7. aufgegeben !} 1-0

[Event "Aeroflot Open A 2016"]
[Site "Moscow RUS"]
[Date "2016.03.05"]
[Round "5.31"]
[White "Pichot, A."]
[Black "Khismatullin, D."]
[Result "0-1"]
[WhiteElo "2542"]
[BlackElo "2621"]
[Annotator "Kombiecke OH"]
[PlyCount "62"]
[EventDate "2016.03.01"]
[EventType "swiss"]
[EventRounds "9"]
[EventCountry "RUS"]
[Source "Mark Crowther"]
[SourceDate "2016.03.07"]

1. e4 c5 2. Nf3 d6 3. d4 Nf6 4. Nc3 cxd4 5. Nxd4 a6 6. h3 e5 7. Nde2 h5 8. g3
Be7 9. Bg2 Nbd7 10. a4 b6 11. O-O Bb7 12. Bg5 Rc8 13. Qd2 O-O 14. h4 Re8 15.
Rfd1 Qc7 16. b3 Qb8 17. Rac1 b5 18. axb5 axb5 19. Nxb5 Nxe4 20. Bxe4 Bxe4 21.
Nxd6 Bxd6 22. Qxd6 Rc7 23. Nc3 Rxc3 24. Qxd7 Rec8 25. Qd6 Qb5 26. Re1 Ba8 27.
Ra1 Qb7 28. Rxa8 Qxa8 29. Qxe5 Rxc2 30. Be3 Re8 31. Qxh5 Rxe3 0-1

[Event "Graz Open A 2016"]
[Site "Graz AUT"]
[Date "2016.02.14"]
[Round "3.17"]
[White "Miljkovic, Mir1"]
[Black "Tomazini, A."]
[Result "1-0"]
[WhiteElo "2494"]
[BlackElo "2383"]
[Annotator "Kombiecke OH"]
[PlyCount "67"]
[EventDate "2016.02.12"]
[EventType "swiss"]
[EventRounds "9"]
[EventCountry "AUT"]
[Source "Mark Crowther"]
[SourceDate "2016.02.15"]

1. d4 Nf6 2. c4 g6 3. Nc3 d5 4. cxd5 Nxd5 5. e4 Nxc3 6. bxc3 Bg7 7. Nf3 c5 8.
Be3 Qa5 9. Qd2 O-O 10. Rb1 b6 11. Rc1 Ba6 12. Bxa6 Nxa6 13. O-O Rfd8 14. d5 Qa4
15. Qd3 e6 16. d6 f6 17. e5 fxe5 18. Ng5 Nc7 19. Rcd1 Ne8 20. Ne4 Nf6 21. c4
Qc6 22. f3 Rd7 23. Bg5 Nxe4 24. fxe4 Re8 25. Be7 Rexe7 26. dxe7 Rd4 27. Qh3 Qd7
28. Rxd4 exd4 29. Rf8+ Bxf8 30. Qxh7+ Kxh7 31. exf8=N+ Kh6 32. Nxd7 Kg5 33. g3
d3 34. Ne5 1-0

[Event "8th Chennai Open 2016"]
[Site "Chennai IND"]
[Date "2016.01.19"]
[Round "3.10"]
[White "Shailesh, Dravid"]
[Black "Nguyen Huynh Minh Huy"]
[Result "1-0"]
[WhiteElo "2230"]
[BlackElo "2489"]
[Annotator "Kombiecke OH"]
[PlyCount "47"]
[EventDate "2016.01.18"]
[EventType "swiss"]
[EventRounds "10"]
[EventCountry "IND"]
[Source "Mark Crowther"]
[SourceDate "2016.01.25"]

1. e4 c5 2. Nf3 e6 3. d4 cxd4 4. Nxd4 a6 5. Bd3 Bc5 6. Nb3 Ba7 7. Qe2 Nc6 8.
Be3 d6 9. a4 Nf6 10. O-O O-O 11. Nc3 Bxe3 12. Qxe3 e5 13. Nd5 Be6 14. c4 Ng4
15. Qg3 b6 16. h3 Nf6 17. Qe3 Nd7 18. Nc1 a5 19. Ne2 Nc5 20. Ra3 Rb8 21. Bb1
Qd7 22. Ng3 Nd4 23. Nf6+ gxf6 24. Nh5 1-0

[Event "Graz Open A 2016"]
[Site "Graz AUT"]
[Date "2016.02.13"]
[Round "2.18"]
[White "Wertjanz, Dav"]
[Black "Diermair, A."]
[Result "0-1"]
[WhiteElo "2300"]
[BlackElo "2454"]
[Annotator "Kombiecke OH"]
[PlyCount "58"]
[EventDate "2016.02.12"]
[EventType "swiss"]
[EventRounds "9"]
[EventCountry "AUT"]
[Source "Mark Crowther"]
[SourceDate "2016.02.15"]

1. e4 e6 2. d4 d5 3. Nd2 Nc6 4. Ngf3 Nf6 5. e5 Nd7 6. Nb3 a5 7. a4 Be7 8. Bb5
O-O 9. O-O Nb6 10. Bxc6 bxc6 11. Bd2 Nc4 12. Bc3 f6 13. exf6 Rxf6 14. Ne5 Nxe5
15. dxe5 Rg6 16. Nxa5 Bd7 17. b4 Qf8 18. Rb1 c5 19. bxc5 Bxa4 20. c6 Bc5 21.
Qd3 Qf4 22. g3 Rf8 23. Kh1 Bxc2 24. Qxc2 Qf3+ 25. Kg1 Rxg3+ 26. hxg3 Qxg3+ 27.
Kh1 Qh3+ 28. Kg1 Rf3 29. Rb8+ Kf7 0-1

[Event "Bundesliga 2015-16"]
[Site "Norderstedt GER"]
[Date "2016.03.13"]
[Round "11.3"]
[White "Raykhman, A."]
[Black "Heinemann, T."]
[Result "0-1"]
[WhiteElo "2414"]
[BlackElo "2459"]
[Annotator "Kombiecke OH"]
[PlyCount "40"]
[EventDate "2015.09.18"]
[EventType "team"]
[EventRounds "15"]
[EventCountry "GER"]
[Source "Mark Crowther"]
[SourceDate "2016.03.14"]
[WhiteTeam "SK Schwaebisch Hall"]
[BlackTeam "Hamburger SK"]

1. d4 Nf6 2. c4 e6 3. Nf3 b6 4. g3 Ba6 5. Nbd2 Bb4 6. Qa4 c5 7. a3 Bxd2+ 8.
Bxd2 O-O 9. Bg2 d5 10. cxd5 exd5 11. b4 Re8 12. b5 Rxe2+ 13. Kf1 Qe8 14. Rb1
Ne4 15. Be1 Rxe1+ 16. Nxe1 Nd2+ 17. Kg1 Nxb1 18. Bxd5 Nc3 19. Qb3 Nxd5 20. Qxd5
Bxb5 0-1

[Event "4NCL 2015-16"]
[Site "Birmingham ENG"]
[Date "2016.04.30"]
[Round "9.132"]
[White "Collins, S IRL."]
[Black "Short, N."]
[Result "1-0"]
[WhiteElo "2456"]
[BlackElo "2686"]
[Annotator "Kombiecke OH"]
[PlyCount "35"]
[EventDate "2015.11.14"]
[EventType "team"]
[EventRounds "11"]
[EventCountry "ENG"]
[Source "Mark Crowther"]
[SourceDate "2016.05.02"]
[WhiteTeam "Barbican 4NCL"]
[BlackTeam "Guildford"]

1. e4 c6 2. d4 d5 3. Nd2 dxe4 4. Nxe4 Nd7 5. Ng5 Ngf6 6. Bd3 g6 7. N1f3 Bg7 8.
O-O O-O 9. c3 a5 10. a4 Nd5 11. Re1 b6 12. Qe2 Ra7 13. h4 N7f6 14. Ne5 Rc7 15.
h5 Nxh5 16. Qxh5 h6 17. Nexf7 Rxf7 18. Nxf7 1-0